Statystyki dla Najpopularniejsze marki samochodów

Kliknij tutaj aby rozwiązać quiz!

Ogólne statystyki

  • Ten quiz został rozwiązany 8 599 razy
    (189 od ostatniego zresetowania)
  • Średni wynik to 27 z 65

Statystyki odpowiedzi

Marka% Poprawnych
Audi
97%
BMW
96%
Toyota
86%
Fiat
81%
Ford
81%
Ferrari
80%
Lamborghini
80%
Opel
78%
Škoda
73%
Honda
72%
Hyundai
71%
Porsche
67%
Tesla
67%
Nissan
65%
Volkswagen
65%
Volvo
63%
Citroën
61%
Kia
61%
Renault
61%
Seat
61%
Chevrolet
59%
Mazda
59%
Mercedes-Benz
59%
Bugatti
56%
Peugeot
55%
Suzuki
55%
Alfa Romeo
54%
Dacia
52%
Dodge
51%
Bentley
48%
Jeep
46%
Mitsubishi
46%
Subaru
46%
Jaguar
41%
Land Rover
41%
Mini
39%
Lexus
36%
Maserati
35%
MAN
34%
Saab
29%
Scania
27%
Tata
25%
Infiniti
23%
Iveco
23%
Cadillac
20%
Rover
20%
Corvette
19%
Koenigsegg
19%
Daewoo
18%
DAF
18%
Chrysler
17%
Abarth
14%
Acura
14%
Lotus
13%
Brabus
11%
Maybach
10%
Pontiac
10%
Hummer
5%
SsangYong
5%
Vauxhall
5%
Kamaz
4%
Shelby
3%
Holden
2%
Plymouth
1%
Saleen
1%

Rozkład punktacji

Percentyl według liczby udzielonych odpowiedzi

Procent ludzi z każdym wynikiem

Twoja historia wyników

Nie rozwiązałeś tego quizu od ostatniego zresetowania